000 00715nam a2200217 i 4500
001 98336
003 ES-MaACL
005 20230906182249.0
007 t|
008 050728s1962 sp f |||| | spa d
100 1 _aMartí Pedrosa, Miguel.
_977232
245 1 0 _aEsquema de organización social para empresas latino-americanas /
_cpor Miguel Martí Pedrosa.
260 _aMadrid :
_b[s.n.],
_c1962 (
_fGráf. Valencia)
300 _a60 p., 5 lám. :
_b1 gráf. pleg. ;
_c21 cm.
490 1 _aMonografías de ciencias sociales
650 0 4 _aTrabajadores.
_917577
830 0 _aMonografías de ciencias sociales
_9232328
852 _aES-MaACL
_jC-21408
852 _aES-MaACL
_jC-32811
999 _c98336
_d98336